Porovnanie vývoja veľkostnej kategórie malých obcí v Česku a na Slovensku

Porovnanie vývojových tendencií veľmi malých obcí do 200 obyvateľov v Česku a na Slovensku ako relatívneho fenoménu v rámci celej Európy.

Salvato in:
Dettagli Bibliografici
Autore principale: Lešková, Andrea
Altri autori: Vaishar, Antonín
Natura: Capitolo di libro
Lingua:slovacco
Soggetti:
Tags: Aggiungi Tag
Nessun Tag, puoi essere il primo ad aggiungerne!!

MARC

LEADER 00000naa a2200000 4500
001 0253602
005 20240411132419.7
041 0 |a slo 
044 |a SK 
245 1 0 |a Porovnanie vývoja veľkostnej kategórie malých obcí v Česku a na Slovensku  |c Andrea Lešková, Antonín Vaishar 
520 |a Porovnanie vývojových tendencií veľmi malých obcí do 200 obyvateľov v Česku a na Slovensku ako relatívneho fenoménu v rámci celej Európy. 
610 2 0 |a Česko 
610 2 0 |a Slovensko 
610 2 0 |a Európa 
610 2 0 |a porovnanie medzinárodné 
610 2 0 |a obce 
100 1 |a Lešková, Andrea 
700 1 |a Vaishar, Antonín